00427nam a2200157Ia 4500003000400000005001700004008004100021040000700062041000800069082001500077100003200092245006800124260004800192300001500240365001400255OSt20230331151921.0210423s2002 xx 000 0 und d cAL aeng a809.2 HODS aHODGSON-WRIGHT (Stephanie). aWomens writing of the early modern period 1588-1688: anthology. aEdinburghbEdinburgh University Pressc2002 avi,477bPB b2096cINR